000
00220nam a22000857a 4500
008
170208b xxu||||| |||| 00| 0 eng d
100
_9
2817
_a
Choudhary.R.
245
_a
Connect With General Knowledge
260
_a
New Delhi
_c
2013
999
_c
6032
_d
6032